000 00563nam a2200193Ia 4500
005 20250923150026.0
008 008 250917s9999 xx 000 0 eng d
037 _aTextual
040 _aDSWL
_beng
_cDSWL
041 _aeng
_2eng
084 _aY11(S25):40aZ, N95;2
_qDSWL
100 _aSherwani, Azim
_9841428
245 4 _aThe girl child in crises
_c by Azim Sherwani
260 _aNew Delhi
_b Ind. Soc. Inst.
_c1998
365 _aINR
_b160.00
925 _g160.00
942 _cTEXL
_hY11(S25):40aZ, N95;2
999 _c1458670
_d1458670